50 Najczęściej zgadywanych miast w Polsce - Statystyki

Ogólne statystyki
  • Ten quiz został rozwiązany 451 razy
  • Średni wynik to 36 z 50
Statystyki odpowiedzi
% Miasta % Poprawnych
87 Warszawa
100%
82 Gdańsk
98%
80 Kraków
98%
74 Wrocław
97%
79 Gdynia
96%
74 Poznań
94%
73 Szczecin
94%
70 Łódź
93%
71 Katowice
92%
71 Lublin
92%
67 Białystok
91%
69 Sopot
88%
64 Toruń
88%
65 Bydgoszcz
87%
59 Rzeszów
87%
59 Zielona Góra
86%
60 Olsztyn
83%
62 Opole
83%
56 Radom
82%
59 Kielce
81%
65 Zakopane
81%
51 Gorzów Wielkopolski
80%
57 Częstochowa
78%
57 Koło
73%
48 Gliwice
72%
46 Kołobrzeg
70%
46 Sosnowiec
70%
49 Elbląg
69%
42 Zabrze
67%
50 Koszalin
66%
47 Suwałki
65%
48 Tarnów
65%
45 Płock
64%
47 Bielsko-Biała
62%
40 Kalisz
62%
41 Chorzów
60%
41 Ełk
57%
46 Lubin
57%
39 Zamość
57%
44 Bytom
56%
41 Konin
55%
40 Słupsk
53%
50 Świnoujście
53%
41 Gniezno
51%
42 Jelenia góra
51%
64 Hel
50%
40 Nowy Sącz
50%
42 Piła
49%
39 Biała
31%
43 Władysławowo
29%
Nie znaleziono quizów pasujących do podanych kryteriów
Rozkład punktacji
Procent ludzi z każdym wynikiem
Percentyl według liczby udzielonych odpowiedzi
Twoja historia wyników
Nie rozwiązałeś tego quizu